00502nam a2200193 a 4500001001300000003000900013005001700022008004100039020002300080082001500103100002200118245003900140260003600179300000900215500003500224505001000259650001700269700002200286nice12345678IN_TiNIC20260116014013.0050524s2003 newa grp 000 0 eng  a0148847 c25000a291.4bNAR aNarayanan, Renuka aFaithb Filling the God-Sized Hole aNew DelhibPenguin Books c2003 a236p aincludes index and biblioraphy2 aIndex aSpirituality1 aNarayanan, Renuka